| 000 -LEADER |
| fixed length control field |
00729nam a22002417a 4500 |
| 001 - CONTROL NUMBER |
| control field |
20252 |
| 003 - CONTROL NUMBER IDENTIFIER |
| control field |
BD-DhUAP |
| 005 - DATE AND TIME OF LATEST TRANSACTION |
| control field |
20200315143937.0 |
| 008 - FIXED-LENGTH DATA ELEMENTS--GENERAL INFORMATION |
| fixed length control field |
200315s2012 enk||||| |||| 00| 0 eng d |
| 020 ## - INTERNATIONAL STANDARD BOOK NUMBER |
| International Standard Book Number |
9780393927627 |
| 040 ## - CATALOGING SOURCE |
| Original cataloging agency |
BD-DhUAP |
| Language of cataloging |
Eng |
| Transcribing agency |
BD-DhUAP |
| Modifying agency |
BD-DhUAP |
| 082 ## - DEWEY DECIMAL CLASSIFICATION NUMBER |
| Edition number |
23 |
| Classification number |
822.33 SHA |
| 100 ## - MAIN ENTRY--PERSONAL NAME |
| Personal name |
Shakespeare, William. |
| 245 ## - TITLE STATEMENT |
| Title |
As you like it / |
| Statement of responsibility, etc. |
William Shakespeare ; edited by Leah S. Marcus. |
| 250 ## - EDITION STATEMENT |
| Edition statement |
a norton critical ed. |
| 260 ## - PUBLICATION, DISTRIBUTION, ETC. |
| Place of publication, distribution, etc. |
London : |
| Name of publisher, distributor, etc. |
W.W.Norton & Co., |
| Date of publication, distribution, etc. |
c2012. |
| 300 ## - PHYSICAL DESCRIPTION |
| Extent |
vi, 467 pages : |
| Other physical details |
illustrations ; |
| Dimensions |
18 cm. |
| 504 ## - BIBLIOGRAPHY, ETC. NOTE |
| Bibliography, etc. note |
Includes bibliography. |
| 600 ## - SUBJECT ADDED ENTRY--PERSONAL NAME |
| Personal name |
Shakespeare, William, |
| Dates associated with a name |
1564-1616. |
| 650 ## - SUBJECT ADDED ENTRY--TOPICAL TERM |
| Topical term or geographic name entry element |
English drama. |
| 700 ## - ADDED ENTRY--PERSONAL NAME |
| Personal name |
Marcus, Leah S. |
| 942 ## - ADDED ENTRY ELEMENTS (KOHA) |
| Source of classification or shelving scheme |
|
| Koha item type |
Book |